000
00292nam a22001337a 4500
008
170913b xxu||||| |||| 00| 0 eng d
020
_a
9780393965018
041
_a
eng
080
_a
53
100
_a
43
101
_a
FIZ
245
_a
GRAVITATION SPACETIME
_c
OHANIAN.H.C
942
_2
udc
_c
BK
999
_c
27447
_d
27447